000 00665nam a22002177a 4500
003 DO-SdBNP
005 20211027154954.0
007 ta
008 210615e2019 dr a|||er|||| 001 pdspa d
020 _a9789945597882
040 _aDO-SdBNP
_bspa
_cBNPHU
082 4 _222
_bS961c
100 1 _aSuriel Suazo, Hugo Rafael,
_d1979 -
_978856
245 1 0 _aCabeza de motor :
_bpoemas /
_cHugo Rafael Suriel Suazo ; cuidado de edición y prólogo Odalís G. Pérez
260 _aSanto Domingo:
_bAmigo del Hogar,
_c2019.
300 _a127 p. :
_bil. ;
_c23 cm.
590 _aInventariado, 2021/BT
700 1 _4G. Pérez, Odalís,
_eed.
910 _aMF
942 _2ddc
_cLBS1
999 _c49923
_d49923